Gaming Quiz

Random Gaming or Toys Quiz

Toys: Close-Up Quiz Stats

 Plays Quiz Updated Jan 7, 2019

Support Sporcle.
Go Orange.
Score 0/20 Timer 04:00
1 Play Today
Toy % Correct
Lego
98.7%
Crayons
92.4%
Play-doh
90.7%
Mr. Potato Head
90.2%
Teenage Mutant Ninja Turtle
89.5%
Tickle Me Elmo
87%
Slinky
86.1%
Ken doll
85.9%
Etch-a-Sketch
83.7%
My Little Pony
76.1%
Toy % Correct
Rubik's Cube
74.3%
Teletubby
74.3%
Jacks
73.5%
Lincoln Logs
63%
Playstation
56.8%
Frisbee
45.8%
Operation
41%
See 'n Say
14.1%
Viewmaster
11.9%
Zhu Zhu Pet
9.4%

You're not logged in!

Compare scores with friends on all Sporcle quizzes.
OR
Log In
Forgot?

From the Vault

Wheaties Box Athletes

by googlebird

Sports 10m
We're starting to think that eating Wheaties is another example of correlation not equaling causation.
Remove Ads.
Support Sporcle.
Get the best of Sporcle when you Go Orange. This ad-free experience offers more features, more stats, and more fun while also helping to support Sporcle. Thank you for becoming a member.

Show Comments

Extras

Top Quizzes Today


Score Distribution

Your Account Isn't Verified!

In order to create a playlist on Sporcle, you need to verify the email address you used during registration. Go to your Sporcle Settings to finish the process.

Report this User

Report this user for behavior that violates our Community Guidelines.

Details: